<?xml version="1.0" encoding="UTF-8"?>
<record
    xmlns:xsi="http://www.w3.org/2001/XMLSchema-instance"
    xsi:schemaLocation="http://www.loc.gov/MARC21/slim http://www.loc.gov/standards/marcxml/schema/MARC21slim.xsd"
    xmlns="http://www.loc.gov/MARC21/slim">

  <leader>02095nam a2200253   4500</leader>
  <controlfield tag="001">114289</controlfield>
  <controlfield tag="003">DR-UNIBE</controlfield>
  <controlfield tag="005">20260109103331.0</controlfield>
  <controlfield tag="008">260109b2023    mx ||||| |||| 00| 0 spa d</controlfield>
  <datafield tag="020" ind1=" " ind2=" ">
    <subfield code="a">9786075696744</subfield>
  </datafield>
  <datafield tag="040" ind1=" " ind2=" ">
    <subfield code="a">BIBLIOTECA UNIBE</subfield>
    <subfield code="c">BIBLIOTECA UNIBE</subfield>
    <subfield code="e">rda</subfield>
  </datafield>
  <datafield tag="041" ind1=" " ind2=" ">
    <subfield code="a">spa</subfield>
    <subfield code="h">eng</subfield>
  </datafield>
  <datafield tag="082" ind1=" " ind2=" ">
    <subfield code="a">658.42 G585c</subfield>
  </datafield>
  <datafield tag="100" ind1="1" ind2=" ">
    <subfield code="a">Godin, Seth, </subfield>
    <subfield code="d">1960-</subfield>
    <subfield code="e">autor</subfield>
    <subfield code="9">177495</subfield>
  </datafield>
  <datafield tag="245" ind1="1" ind2="3">
    <subfield code="a">La canci&#xF3;n del l&#xED;der /</subfield>
    <subfield code="c">Seth Godin</subfield>
  </datafield>
  <datafield tag="260" ind1=" " ind2=" ">
    <subfield code="a">M&#xE9;xico :</subfield>
    <subfield code="b">Paid&#xF3;s Empresa, </subfield>
    <subfield code="c">2023</subfield>
  </datafield>
  <datafield tag="300" ind1=" " ind2=" ">
    <subfield code="a">147  p&#xE1;ginas : </subfield>
    <subfield code="b">ilustraciones</subfield>
  </datafield>
  <datafield tag="505" ind1=" " ind2=" ">
    <subfield code="a">Introducci&#xF3;n | 
Tres cantos | 
Hacia la trascendencia |  
&#xBF;Qu&#xE9; pas&#xF3; con la gesti&#xF3;n? | 
Esta vez, con sentido | 
Los compromisos | 
Seamos realistas | 
Lo que hacemos y c&#xF3;mo hablamos de ello | 
Encontrar el camino | 
Las reuniones son un s&#xED;ntoma | 
Crear una organizaci&#xF3;n relevante | 
El palo de escoba | </subfield>
  </datafield>
  <datafield tag="520" ind1=" " ind2="3">
    <subfield code="a">&#xBF;Qu&#xE9; es el trabajo? &#xBF;Por qu&#xE9; es como es y por qu&#xE9; se ha vuelto tan agobiante trabajar? M&#xE1;s
importante a&#xFA;n: &#xBF;qu&#xE9; papel tienen los jefes en todo esto y qu&#xE9; pueden hacer para cambiarlo?
El legendario Seth Godin, a trav&#xE9;s de 144 estrofas provocativas, ha escrito una canci&#xF3;n para llegar
al fondo de estas preguntas y ayudarnos a enfrentar el estr&#xE9;s, la inestabilidad econ&#xF3;mica, la fuga de
talento, la desidia y el des&#xE1;nimo, para que cada uno, sin importar si es jefe o si trabaja para alguien
m&#xE1;s, logre desarrollarse en un trabajo significativo en el que, como las abejas en una colmena,
forme parte de algo mayor, de algo trascendente.
Nos encontramos en un punto donde solo tenemos dos opciones: o nos dejamos absorber por la
vor&#xE1;gine capitalista que trata a los empleados como objetos desechables o logramos construir
equipos donde las personas se sientan plenas y trabajen mejor. Recuerda que el poder de decidir
est&#xE1; dentro de ti y que, como dice Godin: &#xAB;Los seres humanos no son un recurso. Ellos son la raz&#xF3;n
de todo&#xBB;. </subfield>
  </datafield>
  <datafield tag="650" ind1=" " ind2="7">
    <subfield code="2">lemb</subfield>
    <subfield code="a">Liderazgo</subfield>
  </datafield>
  <datafield tag="650" ind1=" " ind2="7">
    <subfield code="2">lemb</subfield>
    <subfield code="a">Comportamiento organizacional</subfield>
  </datafield>
  <datafield tag="700" ind1="1" ind2=" ">
    <subfield code="a">Maestro, Mar&#xED;a </subfield>
    <subfield code="e">traductor</subfield>
    <subfield code="9">201594</subfield>
  </datafield>
  <datafield tag="942" ind1=" " ind2=" ">
    <subfield code="2">ddc</subfield>
    <subfield code="c">BK</subfield>
  </datafield>
  <datafield tag="999" ind1=" " ind2=" ">
    <subfield code="c">114289</subfield>
    <subfield code="d">114289</subfield>
  </datafield>
  <datafield tag="952" ind1=" " ind2=" ">
    <subfield code="0">0</subfield>
    <subfield code="1">0</subfield>
    <subfield code="2">ddc</subfield>
    <subfield code="7">0</subfield>
    <subfield code="8">GEN</subfield>
    <subfield code="a">Principal</subfield>
    <subfield code="c">NEW</subfield>
    <subfield code="d">2026-03-23</subfield>
    <subfield code="l">0</subfield>
    <subfield code="o">658.42 G585c</subfield>
    <subfield code="p">260006</subfield>
    <subfield code="r">2026-01-09 10:14:36</subfield>
    <subfield code="t">Ej. 1</subfield>
    <subfield code="w">2026-01-09</subfield>
    <subfield code="y">BK</subfield>
  </datafield>
</record>
